Blog,blogger,blogging untuk semua

Bibliographic Details
Main Author: Rosli Jamal
Format: Book
Language:Malay
Published: Kuala Lumpur : Al-Ameen , 2007
Subjects:

MARC

LEADER 00000cam a2200000 7i4500
001 0000019004
005 20090518.0
008 090515s my a may
020 |a 9789832334835 ,   |c RM24.00 
040 |a INS 
090 0 0 |a TK5105.8884   |b R67 2007 
100 0 |a Rosli Jamal 
245 1 0 |a Blog,blogger,blogging untuk semua   |c Rosli Jamal 
260 |a Kuala Lumpur :   |b Al-Ameen ,   |c 2007 
300 |a viii, 208ms. :   |b il. ;   |c 22cm. 
500 |a Mengandungi indeks 
650 0 |a Blogs   |x Design 
650 0 |a Web site development 
999 |a 0000020852   |b BOOK   |c Open Shelf   |e Default branch